[Event "Torneo Nuevo Centro. Jornada 7"]
[Site "Chess.com"]
[Date "2020.07.31"]
[Round "2"]
[White "Gimeno Higueras, Roberto"]
[Black "Zamora Soler, Raul"]
[Result "1/2-1/2"]
[WhiteElo "2073"]
[BlackElo "1857"]
[PlyCount "115"]
[EventDate "2020.??.??"]

1. e4 c5 2. c3 Nc6 3. Nf3 g6 4. Bc4 e6 5. O-O Bg7 6. Re1 Nge7 7. Na3 a6 8. d4
b5 9. Bf1 cxd4 10. cxd4 d5 11. exd5 Nxd5 12. g3 O-O 13. Bg2 Bb7 14. Bg5 Qb6 15.
Be3 Nxe3 16. fxe3 Rac8 17. Rc1 Ne7 18. Qd3 Nf5 19. Nb1 Rxc1 20. Rxc1 Bxf3 21.
Bxf3 Nxe3 22. Nd2 Rd8 23. Nb3 Nc4 24. Kg2 Nxb2 25. Qe4 Nc4 26. d5 exd5 27. Qe7
Bf6 28. Qc5 Qxc5 29. Nxc5 d4 30. Be2 d3 31. Bxd3 Be7 32. Bxc4 bxc4 33. Nxa6
Rd2+ 34. Kh3 Rxa2 35. Nc7 Ra4 36. Nd5 Bg5 37. Rc2 Kg7 38. Kg4 h6 39. h4 f5+ 40.
Kh3 Bf6 41. Nb6 Rb4 42. Nxc4 g5 43. hxg5 hxg5 44. Nd6 g4+ 45. Kg2 Rb2 46. Rxb2
Bxb2 47. Nxf5+ Kf6 48. Ne3 Kg5 49. Nc4 Bd4 50. Kf1 Bc5 51. Ke2 Ba7 52. Nd6 Bb8
53. Ne4+ Kf5 54. Ke3 Ba7+ 55. Kd3 Bb8 56. Ke3 Ba7+ 57. Kd3 Bb8 58. Ke3 1/2-1/2

[Event "Torneo Nuevo Centro. Jornada 7"]
[Site "Chess.com"]
[Date "2020.07.31"]
[Round "2"]
[White "Gómez Alonso, Óscar"]
[Black "Jordan Martinez, David"]
[Result "1-0"]
[WhiteElo "1860"]
[BlackElo "1956"]
[PlyCount "113"]
[EventDate "2020.??.??"]

1. d4 d5 2. c4 dxc4 3. e3 e5 4. Bxc4 Nc6 5. d5 Na5 6. Be2 c6 7. Nc3 Nf6 8. e4
Bb4 9. Bg5 O-O 10. Qa4 Bxc3+ 11. bxc3 cxd5 12. Bxf6 gxf6 13. exd5 Qxd5 14. Bf3
Qc5 15. Ne2 Bf5 16. O-O Rfd8 17. Ng3 Bg6 18. Qh4 f5 19. Nh5 e4 20. Bd1 Qe5 21.
Nf6+ Kh8 22. Qg5 Rd6 23. Nh5 Bxh5 24. Qxh5 Rg6 25. Rc1 Nc4 26. Bb3 Nd2 27. Rfd1
Nxb3 28. axb3 Rag8 29. g3 e3 30. fxe3 Qxe3+ 31. Kg2 f4 32. Re1 Qd2+ 33. Qe2
Qxe2+ 34. Rxe2 fxg3 35. h3 Re6 36. Rce1 Rge8 37. Rxe6 Rxe6 38. Ra1 a6 39. Rc1
Re3 40. b4 Kg7 41. c4 Kf6 42. c5 Ke6 43. Rc4 Rb3 44. Rh4 h5 45. Re4+ Kd5 46.
Rf4 Rxb4 47. Rxb4 Kxc5 48. Rxb7 a5 49. Rxf7 a4 50. Rh7 a3 51. Rxh5+ Kb4 52. Rh8
a2 53. Ra8 Kb3 54. Kxg3 Kb2 55. h4 a1=Q 56. Rxa1 Kxa1 57. h5 1-0

[Event "Torneo Nuevo Centro. Jornada 7"]
[Site "Chess.com"]
[Date "2020.07.31"]
[Round "2"]
[White "Gutierrez Marco, Dario"]
[Black "Escalona Moncholi, Felix"]
[Result "0-1"]
[WhiteElo "1835"]
[BlackElo "2039"]
[PlyCount "138"]
[EventDate "2020.??.??"]

1. e4 e6 2. d4 d5 3. e5 c5 4. c3 Nc6 5. Nf3 Bd7 6. Be2 f6 7. exf6 Nxf6 8. O-O
Bd6 9. a3 O-O 10. b4 c4 11. Be3 Be8 12. Nbd2 Bg6 13. a4 Ne4 14. Nxe4 Bxe4 15.
b5 Na5 16. Nd2 Bf5 17. Bg4 Qh4 18. g3 Qxg4 19. Qxg4 Bxg4 20. f3 Bf5 21. Rf2 Bd3
22. f4 a6 23. Nf3 axb5 24. axb5 Nb3 25. Re1 Bf5 26. Kg2 Ra5 27. h3 h5 28. Nh4
Be4+ 29. Kh2 Rxb5 30. g4 hxg4 31. hxg4 g5 32. Ng2 Na5 33. Kh3 Bxg2+ 34. Rxg2
gxf4 35. Bd2 Kf7 36. g5 Re8 37. g6+ Kg7 38. Rf1 e5 39. dxe5 Bxe5 40. Bxf4 Bxf4
41. Rxf4 Re7 42. Kg4 Rb6 43. Kh5 Rf6 44. Rxf6 Kxf6 45. Kh6 Nc6 46. Rf2+ Ke6 47.
Re2+ Ne5 48. g7 Rxg7 49. Kxg7 b5 50. Rb2 Ng4 51. Rxb5 Ne3 52. Rb1 Ke5 53. Kg6
Ke4 54. Kf6 Kd3 55. Rc1 Kd2 56. Ra1 Kxc3 57. Ke5 Kd3 58. Ra3+ c3 59. Kf4 Nc4
60. Rb3 Kd2 61. Kf5 c2 62. Rb5 c1=Q 63. Rxd5+ Kc3 64. Ke6 Qe1+ 65. Kd7 Qg3 66.
Kc6 Qg6+ 67. Rd6 Qxd6+ 68. Kb5 Na3+ 69. Ka4 Qb4# 0-1

[Event "Torneo Nuevo Centro. Jornada 7"]
[Site "Chess.com"]
[Date "2020.07.31"]
[Round "2"]
[White "Aguado, Pablo Luis"]
[Black "Gil López, Alejandro"]
[Result "1/2-1/2"]
[WhiteElo "1897"]
[BlackElo "2183"]
[PlyCount "132"]
[EventDate "2020.??.??"]

1. d4 e5 2. dxe5 d6 3. exd6 Bxd6 4. Nf3 Nc6 5. Nc3 Bg4 6. e3 Qe7 7. Be2 O-O-O
8. Bd2 Nf6 9. O-O h5 10. Nd4 Qe5 11. f4 Qe8 12. Nxc6 Qxc6 13. Bf3 Qb6 14. Qe2
Rhe8 15. Qb5 Qxb5 16. Nxb5 Bc5 17. Rad1 Rxd2 18. Rxd2 Bxe3+ 19. Rdf2 Bxf3 20.
gxf3 Nd5 21. Kh1 Bxf2 22. Rxf2 Nxf4 23. h4 a6 24. Nc3 c6 25. Ne4 Kc7 26. Rd2 f6
27. Nc5 Nd5 28. c4 Nb6 29. b3 Re5 30. Ne4 Nd7 31. Kg2 Nc5 32. Nxc5 Rxc5 33. Kg3
g5 34. Re2 b5 35. Re7+ Kd6 36. Ra7 gxh4+ 37. Kxh4 bxc4 38. bxc4 Rxc4+ 39. Kxh5
Ra4 40. Kg6 Rxa2 41. Kxf6 a5 42. f4 a4 43. f5 a3 44. Kf7 Kc5 45. f6 Kb4 46. Ke8
Rf2 47. f7 c5 48. f8=Q Rxf8+ 49. Kxf8 c4 50. Rb7+ Kc3 51. Ra7 Kb2 52. Rb7+ Ka2
53. Rc7 Kb3 54. Rb7+ Ka4 55. Ra7+ Kb4 56. Rb7+ Kc3 57. Ra7 Kb3 58. Rb7+ Kc2 59.
Ra7 Kb2 60. Rb7+ Ka1 61. Rc7 a2 62. Rxc4 Kb2 63. Ra4 Kb3 64. Ra8 Kb2 65. Ke7
a1=Q 66. Rxa1 Kxa1 1/2-1/2

[Event "Torneo Nuevo Centro. Jornada 7"]
[Site "Chess.com"]
[Date "2020.07.31"]
[Round "2"]
[White "Aymerich Rosell, Pablo"]
[Black "Gracia Calvo, Andrés"]
[Result "0-1"]
[WhiteElo "2006"]
[BlackElo "1816"]
[PlyCount "142"]
[EventDate "2020.??.??"]

1. e4 d5 2. exd5 Qxd5 3. Nc3 Qd6 4. d4 Nf6 5. Nf3 Bg4 6. Bd3 e6 7. Ne4 Nxe4 8.
Bxe4 c6 9. Be3 Be7 10. h3 Bh5 11. O-O Nd7 12. g4 Bg6 13. Qd3 Nf6 14. Bxg6 hxg6
15. Kg2 Nd5 16. c4 Nf4+ 17. Bxf4 Qxf4 18. Qe3 Qd6 19. Rad1 O-O-O 20. d5 exd5
21. cxd5 Qc5 22. dxc6 bxc6 23. Qxc5 Bxc5 24. Rc1 Rd5 25. a3 Kd7 26. Rfd1 Kd6
27. Ng5 Rf8 28. Ne4+ Ke5 29. Nxc5 Rfd8 30. Rxd5+ cxd5 31. Nd3+ Ke4 32. Rd1 d4
33. Nc5+ Kd5 34. b4 Re8 35. Rd3 Kc4 36. Rf3 f6 37. Nd3 Re2 38. h4 Rd2 39. Nf4
d3 40. Nxg6 Ra2 41. Rf4+ Kc3 42. Rf3 Kc2 43. Nf4 d2 44. Nd5 Ra1 45. Ne3+ Kc1
46. g5 Rxa3 47. gxf6 gxf6 48. Nd1 Rxf3 49. Kxf3 Kxd1 50. h5 Ke1 51. h6 d1=Q+
52. Kf4 Qd2+ 53. Kf5 Qxh6 54. f4 Ke2 55. b5 Kd3 56. Ke6 Kc4 57. f5 Kxb5 58. Kf7
a5 59. Kg8 a4 60. Kf7 a3 61. Kg8 a2 62. Kf7 a1=Q 63. Kg8 Qg5+ 64. Kf7 Qa7+ 65.
Ke6 Qge3+ 66. Kd6 Qec5+ 67. Ke6 Qa6+ 68. Kf7 Qc7+ 69. Kg6 Qg3+ 70. Kh5 Qa8 71.
Kh6 Qh8# 0-1

[Event "Torneo Nuevo Centro. Jornada 7"]
[Site "Chess.com"]
[Date "2020.07.31"]
[Round "2"]
[White "Donate Peris, Jose Manuel"]
[Black "Morata Briones, Carlos"]
[Result "1-0"]
[WhiteElo "1545"]
[BlackElo "949"]
[PlyCount "199"]
[EventDate "2020.??.??"]

1. d4 d5 2. c4 Nf6 3. cxd5 Nxd5 4. e4 Nf6 5. Nc3 c5 6. d5 e5 7. Nf3 Bd6 8. h3
O-O 9. Bg5 Na6 10. a3 h6 11. Bh4 c4 12. Bxc4 Nc5 13. Kf1 Ncxe4 14. Qc2 Bf5 15.
Nxe4 Bxe4 16. Qxe4 g5 17. Qc2 gxh4 18. Nxh4 Nxd5 19. Bxd5 Qxh4 20. g3 Qd4 21.
Rd1 Qc5 22. Qxc5 Bxc5 23. Bxb7 Rab8 24. Rd7 Rfd8 25. Rxd8+ Rxd8 26. Kg2 Rd2 27.
Rf1 Rxb2 28. Bc6 Rb6 29. Be8 Re6 30. Bd7 Rd6 31. Bb5 Rb6 32. a4 a6 33. Bd7 Rd6
34. Bf5 Kg7 35. Rc1 Ba3 36. Rc4 Kf6 37. g4 a5 38. Be4 Rd4 39. Rxd4 exd4 40. f4
Ke6 41. Kf2 f6 42. Ke2 Bb4 43. Kd3 Bc5 44. h4 Kd6 45. g5 fxg5 46. fxg5 hxg5 47.
hxg5 Ke6 48. g6 Kf6 49. Kc4 Bb6 50. Kb5 Bc7 51. Bd3 Bd8 52. Kc5 Bc7 53. Kxd4
Kg7 54. Kd5 Bd8 55. Ke6 Bb6 56. Ke7 Bc7 57. Ke8 Bb6 58. Ke7 Bc7 59. Ke6 Bb6 60.
Kf5 Bc7 61. Bc4 Bb6 62. Bb5 Bc7 63. Bc4 Bb6 64. Bb5 Bf2 65. Bc4 Bd4 66. Bf7 Bb6
67. Ke6 Bc7 68. Kd5 Bb6 69. Kc6 Bg1 70. Kb5 Bf2 71. Kxa5 Bg3 72. Kb5 Bc7 73. a5
Bb8 74. a6 Ba7 75. Kc6 Bg1 76. Kb7 Bf2 77. a7 Bxa7 78. Kxa7 Kf8 79. Kb7 Kg7 80.
Kc7 Kf8 81. Kd7 Kg7 82. Ke8 Kh8 83. Bd5 Kg7 84. Be4 Kg8 85. Ke7 Kg7 86. Ke8 Kg8
87. Ke7 Kg7 88. Bd3 Kg8 89. Kf6 Kf8 90. Bc4 Ke8 91. g7 Kd8 92. g8=Q+ Kd7 93.
Qe6+ Kc7 94. Ke7 Kb7 95. Qa6+ Kb8 96. Ke6 Kc7 97. Bb5 Kd8 98. Qa7 Kc8 99. Ba6+
Kd8 100. Qd7# 1-0

[Event "Torneo Nuevo Centro. Jornada 7"]
[Site "Chess.com"]
[Date "2020.07.31"]
[Round "2"]
[White "Roca Cruz, Rafael"]
[Black "Rodriguez, Mathias"]
[Result "1/2-1/2"]
[WhiteElo "1801"]
[BlackElo "2009"]
[PlyCount "233"]
[EventDate "2020.??.??"]

1. d4 Nf6 2. c4 g6 3. Nc3 Bg7 4. e4 d6 5. Bg5 h6 6. Be3 O-O 7. f3 e5 8. d5 Nh5
9. Nge2 f5 10. exf5 gxf5 11. Qd2 Nd7 12. Bxh6 Qh4+ 13. Kd1 f4 14. Bxg7 Nxg7 15.
Ne4 Nf5 16. b3 Nf6 17. N2c3 Ne3+ 18. Kc1 Bf5 19. Bd3 Kf7 20. Kb2 Nxe4 21. Bxe4
Bxe4 22. Nxe4 Rg8 23. g3 Qh6 24. Rae1 Rae8 25. gxf4 exf4 26. Qd4 Qg7 27. Qxg7+
Rxg7 28. Rhg1 Reg8 29. Rxg7+ Rxg7 30. Re2 Rg2 31. Rxg2 Nxg2 32. Kc3 Nh4 33. Nd2
Kf6 34. Kd3 Ke5 35. b4 Nf5 36. Ne4 Nd4 37. Nd2 Nf5 38. Ne4 Nh4 39. Nd2 c6 40.
dxc6 bxc6 41. a4 d5 42. cxd5 Kxd5 43. b5 cxb5 44. axb5 Nf5 45. h3 Nd4 46. h4
Nxb5 47. h5 Nd6 48. h6 Nf7 49. h7 a5 50. Nc4 a4 51. Na3 Kc5 52. Ke4 Kb4 53.
Nc2+ Kb3 54. Nd4+ Kb4 55. Nc2+ Kb3 56. Nd4+ Kc4 57. Nc2 Kc3 58. Na3 Kb3 59. Nb5
Kb4 60. Nd4 a3 61. Nc2+ Kb3 62. Nxa3 Kxa3 63. Kxf4 Kb4 64. Kf5 Kc5 65. Kg6 Ne5+
66. Kg7 Nxf3 67. h8=Q Nd4 68. Qc8+ Kd5 69. Qd7+ Ke5 70. Qa7 Ne6+ 71. Kh6 Nd4
72. Kh5 Kd5 73. Kg4 Ke5 74. Qa5+ Ke4 75. Qb4 Ke5 76. Qc3 Ke4 77. Qc4 Ke5 78.
Kg3 Ke4 79. Kf2 Ke5 80. Ke3 Nf5+ 81. Kd3 Nd6 82. Qd4+ Ke6 83. Qb6 Kd5 84. Qa6
Ke5 85. Qa5+ Ke6 86. Kd4 Nf5+ 87. Ke4 Nd6+ 88. Kf4 Nc4 89. Qa6+ Kd5 90. Qb7+
Kd4 91. Qc6 Kd3 92. Qb5 Kd4 93. Qb4 Kd5 94. Kf3 Kd4 95. Qa4 Kd5 96. Qb5+ Kd4
97. Ke2 Ne5 98. Qe8 Ke4 99. Qe6 Kd4 100. Qd6+ Ke4 101. Qb8 Kd4 102. Qb2+ Ke4
103. Qa2 Kd4 104. Qa7+ Ke4 105. Kf2 Nd3+ 106. Kg3 Ne5 107. Qb6 Kd5 108. Kf4
Nd3+ 109. Kf5 Nc5 110. Qb8 Kd4 111. Qd6+ Kc4 112. Ke5 Nd3+ 113. Ke4 Nc5+ 114.
Ke3 Nb3 115. Qe6+ Kc3 116. Qf6+ Kc4 117. Qb6 1/2-1/2

[Event "Torneo Nuevo Centro. Jornada 7"]
[Site "Chess.com"]
[Date "2020.07.31"]
[Round "3"]
[White "Rabbani Perez, Ayoub"]
[Black "Birnoveanu, Petru"]
[Result "0-1"]
[WhiteElo "276"]
[BlackElo "1656"]
[PlyCount "20"]
[EventDate "2020.??.??"]

1. g4 Nc6 2. f4 d5 3. f5 e5 4. Nf3 e4 5. Ng5 Qxg5 6. Bh3 Qh4+ 7. Kf1 Qxh3+ 8.
Kg1 Qxg4+ 9. Kf2 Qxf5+ 10. Ke3 d4# 0-1

[Event "Torneo Nuevo Centro. Jornada 7"]
[Site "Chess.com"]
[Date "2020.07.31"]
[Round "3"]
[White "Morata Briones, Carlos"]
[Black "Rabbani Perez, Oumaima"]
[Result "1-0"]
[WhiteElo "954"]
[BlackElo "629"]
[PlyCount "21"]
[EventDate "2020.??.??"]

1. e4 e5 2. Qh5 Nf6 3. Qxe5+ Be7 4. Bc4 O-O 5. Bd3 Nc6 6. Qg3 Nd4 7. Na3 Bb4 8.
e5 Nh5 9. Qh3 Qg5 10. g4 Nf4 11. Qxh7# 1-0

[Event "Torneo Nuevo Centro. Jornada 7"]
[Site "Chess.com"]
[Date "2020.07.31"]
[Round "3"]
[White "Montesinos Diaz, Luis"]
[Black "Alvarez Usina, Jordi"]
[Result "1-0"]
[WhiteElo "1790"]
[BlackElo "1349"]
[PlyCount "25"]
[EventDate "2020.??.??"]

1. e4 e5 2. Nf3 Bc5 3. d4 exd4 4. Bc4 Nf6 5. e5 d5 6. Bb3 Nfd7 7. O-O Qe7 8.
Bxd5 c6 9. Bb3 O-O 10. Bg5 Qe8 11. Re1 Na6 12. e6 f6 13. exd7+ 1-0

[Event "Torneo Nuevo Centro. Jornada 7"]
[Site "Chess.com"]
[Date "2020.07.31"]
[Round "3"]
[White "Sanchis Bon, Sergi"]
[Black "Polikarpova, Maria"]
[Result "1-0"]
[WhiteElo "972"]
[BlackElo "760"]
[PlyCount "27"]
[EventDate "2020.??.??"]

1. e4 e5 2. Qf3 Nc6 3. Bc4 Nf6 4. c3 Bc5 5. h3 O-O 6. g4 d6 7. g5 Nd7 8. g6
hxg6 9. Ne2 Nf6 10. Rg1 Ne7 11. Qg2 Bd7 12. d3 Qc8 13. Bg5 Bxh3 14. Qh2 1-0

[Event "Torneo Nuevo Centro. Jornada 7"]
[Site "Chess.com"]
[Date "2020.07.31"]
[Round "3"]
[White "Castellano López, Javier"]
[Black "Soliva Ruiz, Ramon"]
[Result "1-0"]
[WhiteElo "1889"]
[BlackElo "1445"]
[PlyCount "41"]
[EventDate "2020.??.??"]

1. d4 Nf6 2. c4 e6 3. Nf3 b6 4. Nc3 Bb7 5. Bg5 Be7 6. e3 h6 7. Bh4 d6 8. Be2
Nbd7 9. h3 Ne4 10. Bxe7 Qxe7 11. Nxe4 Bxe4 12. b4 Rd8 13. Qa4 Ra8 14. Qa6 O-O
15. O-O Nb8 16. Qa3 Nd7 17. Nd2 Bb7 18. Rac1 Qg5 19. Bf3 Bxf3 20. Nxf3 e5 21.
Nxg5 1-0

[Event "Torneo Nuevo Centro. Jornada 7"]
[Site "Chess.com"]
[Date "2020.07.31"]
[Round "3"]
[White "Polikarpov, Anton"]
[Black "Martínez Escandell, Alfonso"]
[Result "0-1"]
[WhiteElo "1338"]
[BlackElo "1787"]
[PlyCount "48"]
[EventDate "2020.??.??"]

1. e4 c5 2. Nf3 e6 3. Bc4 a6 4. c3 b5 5. Bb3 Bb7 6. Bc2 g6 7. Ne5 Bg7 8. Ng4 h5
9. Ne3 Nf6 10. O-O Nxe4 11. Bxe4 Bxe4 12. d3 Bb7 13. d4 cxd4 14. cxd4 O-O 15.
Nc2 Qc7 16. g3 Qc6 17. f3 Rc8 18. Nba3 a5 19. b4 Na6 20. bxa5 b4 21. Nb1 Qxc2
22. Qxc2 Rxc2 23. Nd2 Bxd4+ 24. Kh1 Bxa1 0-1

[Event "Torneo Nuevo Centro. Jornada 7"]
[Site "Chess.com"]
[Date "2020.07.31"]
[Round "3"]
[White "Méndez Giménez, Néstor Emmanuel"]
[Black "Cayon Pelaez, Pablo"]
[Result "0-1"]
[WhiteElo "1185"]
[BlackElo "1776"]
[PlyCount "50"]
[EventDate "2020.??.??"]

1. e3 e5 2. e4 Nf6 3. Nc3 Bc5 4. Bc4 d6 5. Nf3 Nc6 6. O-O O-O 7. Nd5 h6 8.
Nxf6+ Qxf6 9. d4 Nxd4 10. Nxd4 Bxd4 11. c3 Bb6 12. Qe2 Qg6 13. Qf3 Be6 14. Bxe6
fxe6 15. Qh3 Rf6 16. Be3 Raf8 17. Bxb6 Rf3 18. g3 axb6 19. Kg2 Qxe4 20. Kg1 Qc2
21. Qxe6+ Kh8 22. Kh1 Rxf2 23. Rxf2 Rxf2 24. Qd5 Rxh2+ 25. Kg1 Qf2# 0-1

[Event "Torneo Nuevo Centro. Jornada 7"]
[Site "Chess.com"]
[Date "2020.07.31"]
[Round "3"]
[White "Amorós Pérez, Manuel David"]
[Black "Macias Pino, Diego"]
[Result "0-1"]
[WhiteElo "1638"]
[BlackElo "2217"]
[PlyCount "68"]
[EventDate "2020.??.??"]

1. e4 c6 2. Nf3 d5 3. exd5 cxd5 4. d4 Nc6 5. Nc3 Bg4 6. Be2 e6 7. h3 Bxf3 8.
Bxf3 Qb6 9. Ne2 Bd6 10. b3 Nge7 11. O-O Ng6 12. c4 Bb8 13. Ba3 Nh4 14. c5 Nxf3+
15. gxf3 Qc7 16. f4 g5 17. Bc1 h5 18. f3 Ne7 19. Kf2 Nf5 20. Rg1 f6 21. fxg5
fxg5 22. Bxg5 Qh2+ 23. Rg2 Qxh3 24. Bf4 Bxf4 25. Nxf4 Qh4+ 26. Ke2 Qxf4 27. b4
Qe3+ 28. Kf1 h4 29. Qa4+ Kd8 30. Re1 Qd3+ 31. Kg1 Qxd4+ 32. Kh1 Ng3+ 33. Kh2 h3
34. Rgg1 Qf2+ 0-1

[Event "Torneo Nuevo Centro. Jornada 7"]
[Site "Chess.com"]
[Date "2020.07.31"]
[Round "3"]
[White "Fitzpatrick Dimas, Kevin"]
[Black "Fitzpatrick Dimas, Andrew"]
[Result "0-1"]
[WhiteElo "890"]
[BlackElo "1156"]
[PlyCount "60"]
[EventDate "2020.??.??"]

1. e4 e5 2. Bc4 Nc6 3. Qh5 g6 4. Qf3 Nf6 5. c3 Bg7 6. d3 O-O 7. Bg5 a6 8. Ne2
b5 9. Bd5 Bb7 10. Bxc6 Bxc6 11. d4 exd4 12. cxd4 Bxe4 13. Qf4 Bxg2 14. Rg1 Be4
15. f3 Bxb1 16. Rxb1 a5 17. Nc3 b4 18. Nb5 Re8+ 19. Kf2 Re6 20. Nxc7 Ng4+ 21.
Kg3 f6 22. Nxe6 Qb8 23. Qxb8+ Rxb8 24. fxg4 dxe6 25. Bf4 Rd8 26. a3 Rxd4 27.
axb4 Rxb4 28. Rge1 Rb3+ 29. Kh4 g5+ 30. Kh5 Rh3# 0-1

[Event "Torneo Nuevo Centro. Jornada 7"]
[Site "Chess.com"]
[Date "2020.07.31"]
[Round "3"]
[White "Miranda Calvo, Max Rodrigo"]
[Black "Fernández Martin, Carlos"]
[Result "0-1"]
[WhiteElo "1310"]
[BlackElo "1778"]
[PlyCount "43"]
[EventDate "2020.??.??"]

1. e4 c5 2. c3 d6 3. Nf3 Nf6 4. Bc4 e6 5. d3 Nc6 6. Bg5 Be7 7. Nbd2 a6 8. Bb3
O-O 9. O-O b5 10. a4 Bb7 11. axb5 axb5 12. Qe2 Qc7 13. c4 b4 14. Ba4 Qa5 15. b3
Qb6 16. e5 dxe5 17. Nxe5 Nxe5 18. Qxe5 Bd6 19. Qe3 Ng4 20. Qh3 Nxh2 21. f4 Nxf1
22. Nxf1 0-1

[Event "Torneo Nuevo Centro. Jornada 7"]
[Site "Chess.com"]
[Date "2020.07.31"]
[Round "3"]
[White "Hernández Tomás, Efrén"]
[Black "Lopez Mateo, Juan Carlos"]
[Result "0-1"]
[WhiteElo "1061"]
[BlackElo "2330"]
[PlyCount "80"]
[EventDate "2020.??.??"]

1. e4 c5 2. Nf3 e6 3. Nc3 a6 4. d3 Nc6 5. Be2 Nf6 6. Bg5 Be7 7. h3 O-O 8. e5
Nd5 9. Bxe7 Ndxe7 10. O-O Qc7 11. Ne4 Nxe5 12. Nxe5 Qxe5 13. f4 Qxb2 14. Nxc5
Qd4+ 15. Rf2 Qxc5 16. d4 Qc3 17. Rf3 Qc7 18. Kh2 b5 19. Qd3 Bb7 20. Rf2 Rac8
21. Bd1 Qc3 22. Qe2 Qxa1 23. Qe5 Qxd1 24. Rf3 Bxf3 25. gxf3 Nc6 26. Qd6 Qxd4
27. Qxd4 Nxd4 28. Kg3 Rxc2 29. h4 b4 30. Kg4 a5 31. Kg5 a4 32. h5 b3 33. axb3
axb3 34. h6 b2 35. f5 b1=Q 36. fxe6 Rg2+ 37. Kf4 fxe6+ 38. Ke5 Nc6+ 39. Kd6
Rd2+ 40. Kc7 Qb8# 0-1

[Event "Torneo Nuevo Centro. Jornada 7"]
[Site "Chess.com"]
[Date "2020.07.31"]
[Round "3"]
[White "Vicent Lázaro, Elena"]
[Black "Perrot, Fabien"]
[Result "0-1"]
[WhiteElo "655"]
[BlackElo "966"]
[PlyCount "34"]
[EventDate "2020.??.??"]

1. e3 e5 2. c4 Bb4 3. Nc3 d6 4. Bd3 Be6 5. Bb1 Nf6 6. Qc2 Bxc4 7. b3 Bd5 8.
Nxd5 Nxd5 9. Qd3 Qg5 10. f4 Qxg2 11. Nf3 Qxh1+ 12. Ng1 Qxg1+ 13. Qf1 Qxf1+ 14.
Kxf1 Nc6 15. Ba3 Bxa3 16. f5 g6 17. Bd3 gxf5 0-1

[Event "Torneo Nuevo Centro. Jornada 7"]
[Site "Chess.com"]
[Date "2020.07.31"]
[Round "3"]
[White "Donate Peris, Jose Manuel"]
[Black "Pedros Viudes, Santiago"]
[Result "0-1"]
[WhiteElo "1543"]
[BlackElo "1939"]
[PlyCount "54"]
[EventDate "2020.??.??"]

1. d4 Nf6 2. c4 e5 3. e3 Nc6 4. d5 Ne7 5. Nc3 Ng6 6. Bd3 Bc5 7. a3 a5 8. Na4
Ba7 9. e4 d6 10. Be3 Bxe3 11. fxe3 Ng4 12. Qe2 Qg5 13. Nf3 Qxe3 14. Qxe3 Nxe3
15. Kf2 Nxg2 16. Kxg2 Nf4+ 17. Kg3 Nxd3 18. b4 axb4 19. axb4 Nxb4 20. Nc3 Rxa1
21. Rxa1 O-O 22. Nb5 Na6 23. Ng5 h6 24. Nf3 f5 25. exf5 Bxf5 26. Nh4 Bd3 27.
Ng6 Bxg6 0-1

[Event "Torneo Nuevo Centro. Jornada 7"]
[Site "Chess.com"]
[Date "2020.07.31"]
[Round "3"]
[White "Maestre Soler, Sergio"]
[Black "Serrano Requena, Guillem"]
[Result "0-1"]
[WhiteElo "933"]
[BlackElo "1360"]
[PlyCount "54"]
[EventDate "2020.??.??"]

1. e4 c5 2. Bc4 d6 3. Nf3 Nc6 4. Nc3 e6 5. O-O Nf6 6. d3 a6 7. Bg5 Be7 8. Bxf6
Bxf6 9. h3 O-O 10. a3 b5 11. Bb3 Bb7 12. a4 Nd4 13. axb5 axb5 14. Nxd4 Bxd4 15.
Nxb5 Bf6 16. Rxa8 Bxa8 17. Qa1 Bc6 18. Na7 Bd7 19. Ba4 Bxa4 20. Qxa4 Bxb2 21.
Qb3 Be5 22. Nc6 Qf6 23. Nxe5 Qxe5 24. Re1 f5 25. exf5 Qxe1+ 26. Kh2 Rxf5 27.
Qxe6+ Qxe6 0-1

[Event "Torneo Nuevo Centro. Jornada 7"]
[Site "Chess.com"]
[Date "2020.07.31"]
[Round "3"]
[White "Jordan Martinez, David"]
[Black "Saiz Sapena, Veronica"]
[Result "1-0"]
[WhiteElo "1966"]
[BlackElo "1539"]
[PlyCount "75"]
[EventDate "2020.??.??"]

1. e4 c6 2. d4 d5 3. exd5 cxd5 4. c4 Nf6 5. Nc3 e6 6. c5 Be7 7. Nf3 a6 8. Qc2
Bd7 9. Bf4 Nc6 10. a3 Nh5 11. Be3 Nf6 12. Bd3 Qc7 13. O-O b6 14. b4 b5 15. Rfe1
e5 16. dxe5 Nxe5 17. Nxe5 Qxe5 18. Qd2 d4 19. Bf4 dxc3 20. Qc1 Qd4 21. Bd6 Nd5
22. Be4 Bxd6 23. Bxd5+ Be5 24. Bxa8 O-O 25. Bf3 Be6 26. Re4 Qd2 27. Qxd2 cxd2
28. Rxe5 Rd8 29. Rxe6 fxe6 30. Kf1 Rd3 31. Ke2 Rb3 32. Kxd2 Rb2+ 33. Ke3 Kf7
34. Rc1 Ke7 35. c6 Kd8 36. c7+ Kc8 37. Bb7+ Kxb7 38. c8=Q+ 1-0

[Event "Torneo Nuevo Centro. Jornada 7"]
[Site "Chess.com"]
[Date "2020.07.31"]
[Round "3"]
[White "Soler Nadal, Jose Antonio"]
[Black "Donate Moreno, Silvia"]
[Result "0-1"]
[WhiteElo "1555"]
[BlackElo "1974"]
[PlyCount "56"]
[EventDate "2020.??.??"]

1. d4 Nf6 2. Bf4 g6 3. Nc3 Bg7 4. e4 d6 5. Qd2 h6 6. O-O-O Nc6 7. Bb5 a6 8.
Bxc6+ bxc6 9. e5 Nh5 10. Bg3 Nxg3 11. hxg3 h5 12. Nf3 Bh6 13. Ng5 dxe5 14. d5
f6 15. Kb1 Bxg5 16. f4 Bh6 17. Qf2 exf4 18. gxf4 Qd6 19. g3 Bg4 20. Rd2 Rd8 21.
Ne4 Qb4 22. Nxf6+ exf6 23. Re1+ Kf7 24. a3 Qb6 25. Qe3 Qxe3 26. Rxe3 cxd5 27.
Red3 Be6 28. c4 Bf5 0-1

[Event "Torneo Nuevo Centro. Jornada 7"]
[Site "Chess.com"]
[Date "2020.07.31"]
[Round "3"]
[White "Garcia, Jhoel"]
[Black "Bascuñana Sánchez, Pablo"]
[Result "1-0"]
[WhiteElo "2405"]
[BlackElo "1648"]
[PlyCount "51"]
[EventDate "2020.??.??"]

1. c4 Nf6 2. Nc3 g6 3. e3 Bg7 4. Nf3 O-O 5. Be2 d6 6. O-O Nc6 7. d4 Re8 8. d5
Nb8 9. e4 e5 10. Ne1 Nfd7 11. Be3 f5 12. f3 f4 13. Bf2 g5 14. Nd3 b6 15. b4 c5
16. dxc6 Nxc6 17. Nd5 h5 18. Rc1 Nf6 19. c5 bxc5 20. bxc5 dxc5 21. Nxc5 g4 22.
Bh4 Nd4 23. Bc4 gxf3 24. Nxf4+ Kh8 25. Nxh5 fxg2 26. Rxf6 1-0

[Event "Torneo Nuevo Centro. Jornada 7"]
[Site "Chess.com"]
[Date "2020.07.31"]
[Round "3"]
[White "Lloret Ramis, Juan José"]
[Black "Beneyto de Ramon, Guillermo"]
[Result "1-0"]
[WhiteElo "2007"]
[BlackElo "1610"]
[PlyCount "93"]
[EventDate "2020.??.??"]

1. c4 c5 2. Nc3 Nc6 3. Nf3 Nf6 4. g3 e6 5. Bg2 d5 6. cxd5 exd5 7. d4 c4 8. O-O
g6 9. Bg5 Bg7 10. e4 dxe4 11. Nxe4 O-O 12. Ne5 Nxd4 13. Bxf6 Bxf6 14. Nxf6+
Qxf6 15. Qxd4 Re8 16. Nf3 Qc6 17. Rfe1 Be6 18. Ng5 Qb6 19. Nxe6 Rxe6 20. Qxb6
axb6 21. Rxe6 fxe6 22. Bxb7 Rb8 23. Be4 Kf7 24. Rc1 b5 25. b3 Rc8 26. bxc4 bxc4
27. a4 Kf6 28. a5 Ke5 29. f3 Kd4 30. a6 Kc5 31. a7 Kb6 32. a8=Q Rxa8 33. Bxa8
Kb5 34. Kf2 Kc5 35. Ke3 c3 36. Kd3 Kb4 37. Rxc3 Kb5 38. Rc4 Kb6 39. Kd4 Ka7 40.
Rc6 e5+ 41. Kc5 e4 42. fxe4 g5 43. Rc7+ Ka6 44. g4 h5 45. h3 h4 46. e5 Ka5 47.
Ra7# 1-0

[Event "Torneo Nuevo Centro. Jornada 7"]
[Site "Chess.com"]
[Date "2020.07.31"]
[Round "3"]
[White "Rodriguez Rodriguez, Joan David"]
[Black "Aymerich Rosell, Pablo"]
[Result "1-0"]
[WhiteElo "1651"]
[BlackElo "1983"]
[PlyCount "83"]
[EventDate "2020.??.??"]

1. d4 Nf6 2. c4 g6 3. Nc3 Bg7 4. e4 d6 5. Nf3 O-O 6. Be2 e5 7. dxe5 dxe5 8.
Qxd8 Rxd8 9. Bg5 Re8 10. O-O c6 11. Rad1 Na6 12. Bd3 Nc5 13. Bc2 Ne6 14. Bh4
Nd4 15. Nxd4 exd4 16. Ne2 Nxe4 17. Nxd4 g5 18. Rfe1 gxh4 19. Bxe4 Bg4 20. f3
Bh5 21. Nf5 Bxb2 22. Nd6 Reb8 23. Rb1 Bd4+ 24. Kh1 Bb6 25. Nxb7 Rxb7 26. Bxc6
Rab8 27. Bxb7 Rxb7 28. c5 Bg6 29. Rb2 Ba5 30. Re8+ Kg7 31. Rxb7 Bc3 32. Rxa7
Bd4 33. Rc7 Kh6 34. h3 f6 35. Rd8 Be5 36. Rc6 Bf7 37. a4 Kg6 38. a5 Bc4 39. a6
Bb5 40. Rb6 Bc7 41. Rxb5 Bxd8 42. a7 1-0

[Event "Torneo Nuevo Centro. Jornada 7"]
[Site "Chess.com"]
[Date "2020.07.31"]
[Round "3"]
[White "Gukasov, Artem"]
[Black "Bosch Jordà, Ricard"]
[Result "0-1"]
[WhiteElo "1529"]
[BlackElo "1910"]
[PlyCount "48"]
[EventDate "2020.??.??"]

1. e4 c5 2. Nf3 Nc6 3. d4 cxd4 4. Nxd4 g6 5. Nc3 Bg7 6. Be3 Nf6 7. Nxc6 bxc6 8.
f4 O-O 9. Bc4 Qa5 10. O-O Qb4 11. Qd3 Rd8 12. Rab1 d5 13. exd5 cxd5 14. Nxd5
Nxd5 15. Rfd1 e6 16. c3 Qa5 17. b4 Qc7 18. Bd4 Bxd4+ 19. cxd4 Bb7 20. Rbc1 Qxf4
21. g3 Qe3+ 22. Qxe3 Nxe3 23. Rd3 Nxc4 24. Rxc4 Ba6 0-1